[Event "IECC O email"]
[Site "IECC email"]
[Date "2000.06.25"]
[Round "?"]
[White "Ritchey, Ben"]
[Black "Walker, Henry"]
[Result "1-0"]
[WhiteElo "1000"]
[BlackElo "1000"]
[PlyCount "35"]
[EventDate "2000.??.??"]
[EventType "tourn (corr)"]
[EventRounds "6"]
[SourceTitle "Corr 2008"]
[Source "ChessBase"]
[SourceDate "2008.06.24"]
[SourceVersion "1"]
[SourceVersionDate "2008.06.24"]
[SourceQuality "1"]

1. Nf3 d6 2. e4 c5 3. Nc3 Nf6 4. d3 Nc6 5. g3 e6 6. Bg2 Be7 7. h4 e5 8. a4 Bg4 9. Qd2 Bxf3 10. Bxf3 Nd4 11. Bd1 Qd7 12. b3 0-0 13. h5 h6 14. g4 Nxg4 15. Rg1 Bg5 16. Bxg4 Bxd2+ 17. Bxd2 Qxg4 18. Rxg4 1-0